[Event "EUCup Gr1"]
[Site "Eupen"]
[Date "1994.??.??"]
[Round "1"]
[White "Andersson, Ulf"]
[Black "Huebner, Robert"]
[Result "1/2-1/2"]
[WhiteElo "2620"]
[BlackElo "2605"]

1.e4 e5 2.Nf3 Nc6 3.Bb5 a6 4.Bxc6 dxc6 5.Nc3 Qd6 6.d4 exd4 7.Qxd4 Bg4 8.Be3 Bxf3
9.gxf3 Qxd4 10.Bxd4 Ne7 11.f4 O-O-O 12.O-O-O f5 13.f3 Ng6 14.exf5 Nxf4 15.Be5 Nd5
16.Nxd5 cxd5 17.f4 Rd7 18.Rhg1 Rf7 19.Rxd5 Rxf5 20.Rgd1 Bd6 21.Bxd6 Rxd5
22.Rxd5 cxd6 23.Rxd6 Re8 24.Rd3 Re2 25.Rh3 h6 26.b3 Rf2 27.Rh4 g5 28.fxg5 hxg5
29.Rh8+ Kc7 30.Kb2 g4 31.Rh7+ Kb8 32.a4  1/2-1/2

[Event "EUCup Gr1"]
[Site "Eupen"]
[Date "1994.??.??"]
[Round "3"]
[White "Andersson, Ulf"]
[Black "Jelling, Erik"]
[Result "1-0"]
[WhiteElo "2620"]
[BlackElo "2420"]

1.Nf3 Nf6 2.d4 d5 3.c4 c6 4.cxd5 cxd5 5.Nc3 Nc6 6.Bf4 e6 7.e3 Be7 8.Ne5 O-O
9.Bd3 Nxe5 10.Bxe5 Bd7 11.O-O Bc6 12.Qb1 h6 13.b4 Bd6 14.h3 Qe7 15.b5 Bd7
16.a4 Bb4 17.Rc1 Rfc8 18.Qb3 Ba5 19.Rab1 Be8 20.Bg3 Nh5 21.Bh2 f5 22.Rc2 Nf6
23.Rbc1 Bd7 24.Be5 Qb4 25.Qa2 Kh8 26.Kh2 Qe7 27.Ne2 Rxc2 28.Rxc2 Rc8 29.Nf4 Kg8
30.Rxc8+ Bxc8 31.Qc2 Qd8 32.g4 fxg4 33.Bxf6 gxf6 34.Bh7+ Kf8 35.Qg6 gxh3
36.Nh5 Qc7+ 37.Kxh3 Qf7 38.Qxh6+ Ke7 39.Bg6 Qf8 40.Qh7+ Kd8 41.Bf7 Ke7 42.Bg8+ Kd6
43.Kg2 a6 44.Nf4 axb5 45.axb5 Bd7 46.Bf7 Bxb5 47.Bxe6 Bc6 48.Bf5 Qe7 49.Qh2 Kc7
50.Nxd5+  1-0

[Event "Malmo"]
[Site "Malmo"]
[Date "1994.??.??"]
[Round "1"]
[White "Hellsten, Johan"]
[Black "Andersson, Ulf"]
[Result "0-1"]
[WhiteElo "2325"]
[BlackElo "2620"]

1.e4 c5 2.Nf3 Nc6 3.d4 cxd4 4.Nxd4 Nf6 5.Nc3 d6 6.Be2 g6 7.Be3 Bg7 8.O-O O-O
9.Nb3 b6 10.f4 Bb7 11.Bf3 Rc8 12.Rf2 Qc7 13.Nd5 Qb8 14.c3 Rfe8 15.Nxf6+ Bxf6
16.a4 Qc7 17.Qf1 Rb8 18.g3 a6 19.Qg2 Bg7 20.Rd2 b5 21.axb5 axb5 22.Nd4 Nxd4
23.cxd4 Ra8 24.Rad1 e6 25.Bf2 Ra4 26.Qf1 Rc4 27.Qd3 Rc8 28.Qb3 Qa5 29.Kg2 Rb4
30.Qd3 Qa4 31.Qf1 Rb3 32.Qe2 h5 33.Rd3 Rxd3 34.Qxd3 b4 35.Re1 Ba6 36.Qe3 Qc2
37.Ra1 Bc4 38.Qc1 Bd3 39.Qxc2 Rxc2 40.e5 dxe5 41.dxe5 Rxb2 42.Rd1 Bf5 43.Rd8+ Bf8
44.Kf1 Kg7 45.Be1 b3  0-1

[Event "Malmo"]
[Site "Malmo"]
[Date "1994.??.??"]
[Round "2"]
[White "Andersson, Ulf"]
[Black "Brynell, Stellan"]
[Result "1-0"]
[WhiteElo "2620"]
[BlackElo "2485"]

1.d4 e6 2.Nf3 Nf6 3.g3 b6 4.Bg2 Bb7 5.O-O Be7 6.c4 O-O 7.Nc3 Ne4 8.Qc2 Nxc3
9.Qxc3 c5 10.b3 Bf6 11.Bb2 cxd4 12.Nxd4 Bxg2 13.Kxg2 d5 14.Rfd1 Nc6 15.Qc2 Nxd4
16.Bxd4 Rc8 17.Rac1 Bxd4 18.Rxd4 Qc7 19.e4 Qe5 20.Qd3 dxe4 21.Rxe4 Rcd8 22.Rxe5 Rxd3
23.Rc2 Rc8 24.Kf1 Kf8 25.Ke2 Rd6 26.Rd2 Ke7 27.Re3 Rxd2+ 28.Kxd2 Rc5 29.Kc3 Rf5
30.f3 h5 31.b4 a5 32.a3 Kd6 33.Kd4 g5 34.Rd3 Re5 35.Kc3+ Kc7 36.Kd2 g4 37.Re3 Rf5
38.Ke2 axb4 39.axb4 Kd6 40.Rd3+ Kc6 41.f4 h4 42.Ke3 hxg3 43.hxg3 Rh5 44.Kd4 Rh1
45.Ke5 Rc1 46.Kf6 Rxc4 47.Kxf7 Re4 48.Ke7 Kb5 49.Rd6 Re3 50.Rxe6 Rxg3 51.f5 Rf3
52.f6 g3 53.f7 g2 54.Rg6 Re3+ 55.Kf8 g1=Q 56.Rxg1 Kxb4 57.Rf1 Ra3 58.Ke7 Ra8
59.f8=Q Rxf8 60.Rxf8  1-0

[Event "Malmo"]
[Site "Malmo"]
[Date "1994.??.??"]
[Round "3"]
[White "Hellers, Ferdinand"]
[Black "Andersson, Ulf"]
[Result "1/2-1/2"]
[WhiteElo "2560"]
[BlackElo "2620"]

1.e4 e6 2.d4 d5 3.Nc3 Nf6 4.e5 Nfd7 5.f4 c5 6.Nf3 Nc6 7.Be3 cxd4 8.Nxd4 Bc5
9.Qd2 Nxd4 10.Bxd4 Bxd4 11.Qxd4 Qb6 12.Nb5 Qxd4 13.Nxd4 Ke7 14.h4 Nb8 15.h5 Nc6
16.Nf3 h6 17.Kd2 Bd7 18.Bd3 f6 19.Rae1 Rhf8 20.g3 fxe5 21.Nxe5 Nxe5 22.Rxe5 Rac8
23.Ke3 a6 24.Kd4 Kd6 25.Rhe1 Rf6 26.b3 Rcf8 27.c4 dxc4 28.bxc4 b6 29.c5+ bxc5+
30.Rxc5 Rb8 31.Ra5 Bc8 32.Rc1 Rf7 33.Rac5 Rb4+ 34.R1c4 Rxc4+ 35.Rxc4 Bb7
36.Ra4 Rf8 37.Bxa6 Bc6 38.Rb4 Rf5 39.Be2 Ra5 40.Rb2  1/2-1/2

[Event "Malmo"]
[Site "Malmo"]
[Date "1994.??.??"]
[Round "5"]
[White "Epishin, Vladimir"]
[Black "Andersson, Ulf"]
[Result "1-0"]
[WhiteElo "2675"]
[BlackElo "2620"]

1.d4 e6 2.c4 Nf6 3.Nf3 Bb4+ 4.Nbd2 b6 5.a3 Bxd2+ 6.Bxd2 Bb7 7.Bg5 d6 8.e3 Nbd7
9.Qc2 c5 10.Rd1 Qc7 11.Be2 O-O 12.O-O Rac8 13.Bh4 Be4 14.Qd2 Rfe8 15.Bg3 e5
16.dxe5 dxe5 17.Nh4 h6 18.f3 Bh7 19.Bd3 Bxd3 20.Qxd3 Nf8 21.Qd6 Qxd6 22.Rxd6 e4
23.Nf5 exf3 24.gxf3 Kh7 25.Rxf6 gxf6 26.Nd6 Rcd8 27.Nxe8 Rxe8 28.Kf2 Rd8
29.Ke2 Kg6 30.b4 Rc8 31.b5 Rd8 32.a4 Kf5 33.a5 Rd7 34.Ra1 Ng6 35.axb6 axb6
36.Ra6 Rb7 37.Ra8 Ne5 38.e4+ Ke6 39.Bxe5 Kxe5 40.Ke3 f5 41.Re8+ Kf6 42.e5+ Kg7
43.Kf4 Rd7 44.Kxf5 Rd4 45.Rb8 Rxc4 46.Rxb6 Rh4 47.f4 Rh5+ 48.Kg4 Rxh2 49.Rb7 c4
50.f5 Kg8 51.Rb8+ Kh7 52.Rc8 c3 53.b6  1-0

[Event "Malmo"]
[Site "Malmo"]
[Date "1994.??.??"]
[Round "6"]
[White "Andersson, Ulf"]
[Black "Hansen, Curt"]
[Result "1/2-1/2"]
[WhiteElo "2620"]
[BlackElo "2580"]

1.d4 Nf6 2.Nf3 c5 3.c4 cxd4 4.Nxd4 e6 5.a3 b6 6.Nc3 Bb7 7.Bf4 d6 8.Bg3 a6
9.e3 Be7 10.f3 O-O 11.Be2 Nc6 12.O-O Nxd4 13.Qxd4 d5 14.cxd5 Bc5 15.Qd3 Nxd5
16.Nxd5 Qxd5  1/2-1/2

[Event "Malmo"]
[Site "Malmo"]
[Date "1994.??.??"]
[Round "7"]
[White "Ahlander, Bjorn"]
[Black "Andersson, Ulf"]
[Result "0-1"]
[WhiteElo "2415"]
[BlackElo "2620"]

1.d4 Nf6 2.c4 e6 3.Nf3 Bb4+ 4.Bd2 Qe7 5.g3 Bxd2+ 6.Nbxd2 d6 7.Bg2 O-O 8.O-O e5
9.e4 Bg4 10.h3 Bxf3 11.Nxf3 c5 12.dxe5 dxe5 13.Nh4 g6 14.Qd2 Nc6 15.Qg5 Kh8
16.f4 Ng8 17.Qg4 Rad8 18.Rf2 Nf6 19.Qg5 Nh5 20.Qg4 Rd3 21.Bf3 Nd4 22.f5 Rg8
23.fxg6 fxg6 24.Raf1 Ne6 25.Bg2 Rxg3 26.Rf7 Qe8 27.Qd1 Nef4 28.Rxb7 g5 29.Nf5 Rxg2+
30.Kh1 Ng3+ 31.Nxg3 Rxg3 32.Qd6 Rxh3+  0-1

[Event "Malmo"]
[Site "Malmo"]
[Date "1994.??.??"]
[Round "9"]
[White "Krasenkow, Michal"]
[Black "Andersson, Ulf"]
[Result "1/2-1/2"]
[WhiteElo "2565"]
[BlackElo "2620"]

1.Nf3 c5 2.c4 Nf6 3.Nc3 Nc6 4.g3 d5 5.cxd5 Nxd5 6.Bg2 g6 7.O-O Bg7 8.Nxd5 Qxd5
9.d3 Qd6 10.Nd2 b6 11.Nc4 Qd7 12.a4 O-O 13.Be3 Ba6 14.Qd2 Rac8 15.Rfc1 Rfd8
16.Rab1 Qe6 17.b3 Nb4 18.Bf3 Nd5 19.Kg2 Rc7 20.Bf4 Rcd7 21.Bh6 Bxh6 22.Qxh6 Bb7
23.Ne3 Nb4 24.Bxb7 Rxb7 25.Rc4 Rd4 26.Rbc1 Nc6 27.Rxd4 Nxd4 28.Rc4 f6 29.b4 Qc6+
30.f3 Qe6 31.Kf2 a5 32.b5 Rd7 33.Qf4 Rd5 34.g4 Re5 35.Rxd4 cxd4 36.Qxd4 g5
37.f4 gxf4 38.Qxf4 h5 39.h3 hxg4 40.hxg4 Kf7 41.Kf3 Qd7 42.Qc4+ e6 43.Qf4 Qb7+
44.Kf2 Qh1 45.Nc4 Qh4+ 46.Kf3 Qh3+ 47.Kf2 Qh4+ 48.Kf3 Qh1+ 49.Kf2 Rc5 50.Qd6 Qh4+
51.Kf3 Qh3+ 52.Kf2 Qxg4 53.Qd7+ Kg6 54.Qe8+ Kg7 55.Qe7+ Kg6 56.Qe8+  1/2-1/2

[Event "Osterskan op"]
[Site "Osterskan"]
[Date "1994.??.??"]
[Round "?"]
[White "Andersson, Ulf"]
[Black "Petkovic, Radoslov"]
[Result "1-0"]
[WhiteElo "2620"]
[BlackElo "2300"]

1.d4 Nf6 2.Nf3 e6 3.g3 b6 4.Bg2 Bb7 5.O-O Be7 6.c4 d6 7.d5 e5 8.Nc3 Nbd7
9.e4 Nf8 10.Nh4 N6d7 11.Nf5 Bf6 12.Bd2 a5 13.a3 Ng6 14.b4 Kf8 15.Qc2 axb4
16.axb4 Rxa1 17.Rxa1 Ne7 18.Bh3 Nxf5 19.Bxf5 g6 20.Bh3 h5 21.Ra7 h4 22.Bxd7 Qxd7
23.Rxb7 Kg7 24.Ra7 Qh3 25.Be3 Bd8 26.Qe2 f5 27.Qf1 hxg3 28.Qxh3 gxf2+ 29.Bxf2 Rxh3
30.Nb5 Rb3 31.Bxb6 Kh6 32.Bxc7 Bh4 33.Bxd6 Rb1+ 34.Kg2 Rb2+ 35.Kf1 fxe4 36.Bxe5 Rxb4
37.Nc3 Kg5 38.Rf7 Rxc4 39.d6 Kh6 40.d7 Bd8 41.Rf8  1-0

[Event "Osterskan op"]
[Site "Osterskan"]
[Date "1994.??.??"]
[Round "?"]
[White "Andersson, Ulf"]
[Black "Poley, Vladimir"]
[Result "1-0"]
[WhiteElo "2620"]
[BlackElo "2395"]

1.d4 g6 2.Nf3 Bg7 3.e4 c6 4.h3 d5 5.Nbd2 Nh6 6.Bd3 O-O 7.O-O f6 8.Re1 Nf7
9.c4 e6 10.b3 a5 11.Bb2 Na6 12.Rc1 Nc7 13.Nf1 Bd7 14.Ne3 b5 15.Qc2 Ra7 16.Re2 Bh6
17.Rce1 Na6 18.a3 dxc4 19.bxc4 b4 20.c5 Qb8 21.Nc4 bxa3 22.Bxa3 Nb4 23.Bxb4 axb4
24.Nb6 Rb7 25.Bc4 Rxb6 26.cxb6 Nd6 27.e5 Nxc4 28.Qxc4 Qxb6 29.exf6 Rxf6 30.Ne5 Bc8
31.Ng4 Bg7 32.Nxf6+ Bxf6 33.Rb1 Be7 34.Rxe6 Bxe6 35.Qxe6+ Kf8 36.d5 b3 37.d6 Bh4
38.g3 Bxg3 39.Qf6+ Kg8 40.d7 Qxf2+ 41.Qxf2  1-0

[Event "Osterskan op"]
[Site "Osterskan"]
[Date "1994.??.??"]
[Round "?"]
[White "Ernst, Thomas"]
[Black "Andersson, Ulf"]
[Result "1/2-1/2"]
[WhiteElo "2485"]
[BlackElo "2620"]

1.e4 e6 2.d4 d5 3.Nc3 Nf6 4.e5 Nfd7 5.f4 c5 6.Nf3 Nc6 7.Be3 a6 8.Qd2 b5 9.dxc5 Bxc5
10.Bxc5 Nxc5 11.Bd3 b4 12.Ne2 Qb6 13.Ned4 Bd7 14.Qe3 h6 15.O-O Nxd4 16.Nxd4 O-O
17.Kh1 f6 18.Rf3 fxe5 19.Qxe5 Qb8 20.Re1 Rf6 21.Qxb8+ Rxb8 22.g3 Rb6 23.Kg2 Kf8
24.h4 Ke7 25.f5 Kf7 26.fxe6+ Nxe6 27.Nxe6 Bxe6 28.Ref1 Rxf3 29.Kxf3 Kf6 30.Ke3+ Ke5
31.Rf8 d4+ 32.Kd2 Bd5 33.Re8+ Kd6 34.Rd8+ Ke5 35.Re8+ Kd6 36.Be4 Bc4 37.Rc8 Bb5
38.Bd3 Kd5 39.Rd8+ Rd6 40.Rxd6+ Kxd6 41.Bxb5 axb5 42.Kd3 Ke5 43.h5 Kd5 44.a3 bxa3
45.bxa3 Kc5 46.Ke4 Kc4 47.Ke5 Kc5 48.g4 Kc4 49.Ke4 Kc5 50.Kf5 b4 51.axb4+ Kxb4
52.g5 hxg5 53.Kxg5 Kc3 54.Kg6  1/2-1/2

[Event "Osterskan op"]
[Site "Osterskan"]
[Date "1994.??.??"]
[Round "?"]
[White "Andersson, Ulf"]
[Black "Hector, Jonny"]
[Result "1-0"]
[WhiteElo "2620"]
[BlackElo "2530"]

1.d4 d5 2.Nf3 Nf6 3.Bg5 Ne4 4.Bh4 Qd6 5.Nbd2 Qh6 6.Qc1 Nxd2 7.Qxd2 Qxd2+
8.Kxd2 Bf5 9.e3 e6 10.a3 c5 11.c4 dxc4 12.Bxc4 Nc6 13.Rac1 cxd4 14.Bb5 dxe3+
15.Kxe3 Rc8 16.g4 Bxg4 17.Ne5 f5 18.f3 f4+ 19.Kxf4 Bh5 20.Rhd1 Bd6 21.Rxd6 O-O+
22.Ke3 Nxe5 23.Rxc8 Rxc8 24.Bg3 Nc6 25.Rxe6 Re8 26.Bc4 Rxe6+ 27.Bxe6+ Bf7
28.Bc8 b5 29.Bf5 g6 30.Be4 Be8 31.Bd5+ Kf8 32.Bd6+ Kg7 33.Ke4 Kf6 34.Bg8 Kg7
35.Be6 Kf6 36.Kd5 g5 37.Bc8 Na5 38.Be5+ Ke7 39.Bc3 Nc4 40.Kc5 Nb6 41.Bf5 Na4+
42.Kd5 Nb6+ 43.Ke5 Nd7+ 44.Kd4 h5 45.Bd3 Nb6 46.Ke5 Bc6 47.Be2 Bd7 48.Bb4+ Kf7
49.Kd6 Kf6 50.Bd3 g4 51.fxg4 hxg4 52.b3 Be8 53.Be1 Kg5 54.Bg3 Bf7 55.Bc2 Nd5
56.Ke5 a5 57.Bf2 b4 58.a4 Bg8 59.Be1 Bf7 60.Kd4 Kh5 61.Bd1 Kg5 62.Be2 Nb6
63.Bd1 Nd5 64.Bc2 Kh5 65.Bg3 Kg5 66.Bd3 Nb6 67.Bc7 Na8 68.Bxa5 Bxb3 69.Bd8+ Kf4
70.Be4 Bxa4 71.Bxa8  1-0

[Event "Osterskan op"]
[Site "Osterskan"]
[Date "1994.??.??"]
[Round "?"]
[White "Sammalvuo, Tapani"]
[Black "Andersson, Ulf"]
[Result "1/2-1/2"]
[WhiteElo "2370"]
[BlackElo "2620"]

1.e4 c5 2.Nf3 Nc6 3.d4 cxd4 4.Nxd4 g6 5.c4 Bg7 6.Be3 Nf6 7.Nc3 O-O 8.Be2 b6
9.O-O Bb7 10.f3 Rc8 11.Rc1 d6 12.Qd2 Nxd4 13.Bxd4 Nd7 14.Be3 Re8 15.Rfd1 Qc7
16.Bf1 Qb8 17.Qf2 Ba8 18.Nd5 e6 19.Nc3 a6 20.Qd2 Bf8 21.Kh1 Rc6 22.Ne2 Rec8
23.Nd4 R6c7 24.Bf2 Ne5 25.b3 h6 26.Be3 Kh7 27.a4 Nd7 28.Rb1 Nc5 29.Qa2 a5
30.Nb5 Rd7 31.Rd2 Rcd8 32.Rbd1 Bg7 33.Bf4 Be5 34.Bxe5 dxe5 35.Rxd7 Rxd7 36.Rxd7 Nxd7
37.Qd2 Bc6 38.b4 axb4 39.Qxb4 Bxb5 40.cxb5 Kg7 41.a5 bxa5 42.Qxa5 Qd6 43.Qc3 Qd4
44.Qd3 Kf6 45.Qe2 Ke7 46.Qe1 g5 47.Qg3 Qe3 48.h4 Kd6 49.hxg5 hxg5 50.Kh2 Kc5
51.Qg4 Kd6 52.Qg3 Nf8 53.Qg4 Ng6 54.g3 Qd2+ 55.Kg1 Qe3+ 56.Kg2 Qd2+ 57.Kg1 Nf8
58.Qh5 Ke7 59.Qh8 Nd7 60.Qh2 Qd4+ 61.Qf2 Kd6 62.Kg2 Nc5 63.Qc2 g4 64.Be2 gxf3+
65.Bxf3 Kc7 66.Bh5 f6 67.Bf7 Qxe4+ 68.Qxe4 Nxe4 69.Bxe6 Nd6 70.Kf3 Nxb5 71.Ke4 Kd8
72.Bh3 Nd6+ 73.Kd5 Ke7 74.Bg4 Ne8 75.Bf5 Kf7 76.g4 Ng7 77.Bc8 Kg6 78.Bd7 Kh6
79.Ke4 Kg5 80.Kf3 Kh4 81.Kg2 Kg5 82.Kf3 Kh6 83.Ke4 Kg6 84.Kd5 Kh6 85.Ke4 Kg5
86.Kf3 Kg6 87.Ke4 Kf7 88.g5 Kg6 89.gxf6  1/2-1/2

[Event "San Sebastian op"]
[Site "San Sebastian"]
[Date "1994.??.??"]
[Round "4"]
[White "De la Villa Garcia, Jesus Maria"]
[Black "Andersson, Ulf"]
[Result "1/2-1/2"]
[WhiteElo "2470"]
[BlackElo "2620"]

1.e4 c5 2.Nf3 Nc6 3.d4 cxd4 4.Nxd4 g6 5.c4 Bg7 6.Be3 Nf6 7.Nc3 O-O 8.Be2 d6
9.O-O Bd7 10.Qd2 Nxd4 11.Bxd4 Bc6 12.f3 Nd7 13.Be3 a5 14.b3 Nc5 15.Rab1 Qb6
16.Rfc1 Rfc8 17.Bf1 Qb4 18.Qb2 Qb6 19.Qd2 Qd8 20.Nd1 Qf8 21.Nf2 h5 22.Nd3 Kh7
23.Re1 Bh6 24.e5 Nxd3 25.Bxd3 dxe5 26.Bxh6 Qxh6 27.Qxh6+ Kxh6 28.Rxe5 Rd8
29.Be4 Rd2 30.Rxe7 a4 31.a3 Rad8 32.bxa4 Ra2 33.Kh1 Rdd2 34.Rg1 Rxa3 35.Bxc6 bxc6
36.Rc7 Rd6 37.Rxf7 Rxa4 38.Rf4 Rd2 39.h4 Rc2 40.Kh2 Rcxc4 41.Rxc4 Rxc4 42.g4 c5
43.Kg3 Rd4 44.Ra1 Rd7 45.Rc1 Rc7 46.Kf4 hxg4 47.fxg4 c4 48.Rc3 g5+  1/2-1/2

[Event "San Sebastian op"]
[Site "San Sebastian"]
[Date "1994.??.??"]
[Round "5"]
[White "Damljanovic, Branko"]
[Black "Andersson, Ulf"]
[Result "0-1"]
[WhiteElo "2560"]
[BlackElo "2620"]

1.e4 e6 2.d3 d5 3.Nd2 Nf6 4.Ngf3 b6 5.c3 Be7 6.Qa4+ Qd7 7.Qc2 c5 8.Be2 Qc7
9.O-O O-O 10.Re1 Bb7 11.Bd1 Nc6 12.Nf1 c4 13.exd5 cxd3 14.Qxd3 Nxd5 15.Bc2 g6
16.Qc4 Rfe8 17.Ng5 Bf8 18.Ne3 Bg7 19.Qh4 h6 20.Nf3 Qe7 21.Qg3 Nf6 22.Ng4 Nxg4
23.Qxg4 Rad8 24.Be3 e5 25.Qg3 Na5 26.Rad1 Rxd1 27.Rxd1 Nc4 28.Nd2 Nxe3 29.Qxe3 Rd8
30.Qe2 f5 31.Bb3+ Kh7 32.Nf1 e4 33.Rxd8 Qxd8 34.Qc4 h5 35.Qf7 Ba6 36.Bd5 Bxf1
37.Kxf1 Qg5 38.g3 Qc1+ 39.Kg2 Qxb2 40.Qe7 Qxc3 41.Bf7 a6 42.Qe6 Qf6 43.Qe8 b5
44.h4 Qd6 45.Bg8+ Kh6 46.Bb3 Qd4 47.Qe7 Qe5 48.Qg5+ Kh7 49.Qd8 Qf6 50.Qe8 Bf8
51.Qd7+ Be7 52.Qd5 Bb4 53.Qg8+ Kh6 54.Bf7 Bc3 55.Qf8+ Qg7 56.Qe8 Bd4 57.Bd5 Bc5
58.Qb8 b4 59.Qf4+ Kh7 60.Qb8 a5 61.Bb3 e3 62.fxe3 Bxe3 63.Kh3 Bc5 64.Qd8 Qd4
65.Qxd4 Bxd4 66.Ba4 Bf2 67.Kg2 Be1 68.Kf3 Kg7 69.Be8 Kf6 70.Kg2 f4 71.gxf4 Bxh4
72.Kf3 Be1 73.Ke2 Bc3 74.Bd7 Bd4 75.Kf3 Bb6 76.Ba4 Bc7 77.Bc2 h4 78.Kg4 h3
79.Kxh3 Bxf4 80.Kg4 g5  0-1

[Event "San Sebastian op"]
[Site "San Sebastian"]
[Date "1994.??.??"]
[Round "6"]
[White "Andersson, Ulf"]
[Black "Franco Ocampo, Zenon"]
[Result "1/2-1/2"]
[WhiteElo "2620"]
[BlackElo "2475"]

1.Nf3 Nf6 2.c4 c5 3.Nc3 Nc6 4.g3 d5 5.cxd5 Nxd5 6.Bg2 Nc7 7.Qa4 Bd7 8.Qe4 g6
9.Ne5 Bg7 10.Nxd7 Qxd7 11.O-O Rc8 12.d3 O-O 13.Be3 Ne6 14.Rfc1 Ned4 15.Qd5 Qxd5
16.Bxd5 Rfd8 17.Bg2 b6 18.Rab1 e6 19.Kf1 h6 20.Bd2 Kf8 21.Be1 Nb4 22.Rd1 Ke7
23.Bd2 Rd7 24.a3 Nbc6 25.b4 c4 26.b5 Na5 27.Na2 cxd3 28.Bb4+ Ke8 29.Rxd3 Nxb5
30.Rxd7 Kxd7 31.Bxa5 bxa5 32.Rxb5 Rc2 33.e3 Rxa2 34.Rxa5 Ra1+ 35.Ke2 Ra2+
36.Kf3 Bc3 37.Rxa7+ Kd6 38.Rxf7 Be1 39.Ke4 Rxf2 40.Rxf2 Bxf2 41.Bf1 Be1 42.Bd3 Bd2
43.a4 g5 44.Be2 Be1 45.Bh5 Ba5 46.Bg4 Bd8 47.Bh5 Ba5 48.Bf7 Be1 49.Kf3 Ke5
50.Kg4 Bd2 51.Kh5 Kf6 52.Be8 Kg7 53.e4 e5  1/2-1/2

[Event "San Sebastian op"]
[Site "San Sebastian"]
[Date "1994.??.??"]
[Round "7"]
[White "Andersson, Ulf"]
[Black "Izeta Txabarri, Felix"]
[Result "1-0"]
[WhiteElo "2620"]
[BlackElo "2460"]

1.Nf3 Nf6 2.c4 c5 3.Nc3 Nc6 4.g3 d5 5.cxd5 Nxd5 6.Bg2 Nc7 7.Qa4 Bd7 8.Qe4 g6
9.Ne5 Bg7 10.Nxd7 Qxd7 11.d3 Rc8 12.Be3 Ne6 13.Qd5 Qxd5 14.Bxd5 Ned4 15.Rc1 b6
16.Bd2 e6 17.Bg2 Ke7 18.e3 Nf5 19.Ke2 Rhd8 20.Rhd1 h5 21.Be1 Rd7 22.d4 Nb8
23.Ne4 Rcd8 24.dxc5 Bxb2 25.cxb6 axb6 26.Rxd7+ Nxd7 27.Bb4+ Ke8 28.Rc2 Bg7
29.Nd6+ Nxd6 30.Bxd6 Be5 31.Bb4 Bf6 32.Rc7 Be5 33.Rc6 Bf6 34.Be4 Be7 35.Bc3 Ra8
36.Kf3 Rb8 37.Rc7 Bd6 38.Ra7 Rc8 39.Bd4 Ne5+ 40.Ke2 Nc6 41.Bxc6+ Rxc6 42.Kd3 Bc7
43.f4 Bd8 44.a4 Rc8 45.h3 Rc6 46.g4 hxg4 47.hxg4 f6 48.Rg7 g5 49.fxg5 fxg5
50.Ke4 Be7 51.Rg8+ Kd7 52.Ra8 Bd8 53.Ra7+ Ke8 54.Kd3 Rc1 55.Ra6 Rb1 56.Ke4 Rg1
57.Ke5 Rxg4 58.Kxe6 Re4+ 59.Kf5 Re7 60.Ra8 Rf7+ 61.Ke6 Rf3 62.Ra7 Rh3 63.e4 Rh6+
64.Kf5 Rd6 65.Be5 Rc6 66.Bh8 Rh6 67.Bg7 Rc6 68.e5 Rc7 69.Rxc7 Bxc7 70.e6 Bd8
71.Bh6 g4 72.Bf4 Be7 73.Kxg4 Bc5 74.Kf5 Ke7 75.Bg3 Bd4 76.Ke4 Bg1 77.Kd5 Be3
78.Bd6+ Ke8 79.Kc6 Bf2 80.Bc7  1-0

[Event "San Sebastian op"]
[Site "San Sebastian"]
[Date "1994.??.??"]
[Round "8"]
[White "Strikovic, Aleksa"]
[Black "Andersson, Ulf"]
[Result "1/2-1/2"]
[WhiteElo "2495"]
[BlackElo "2620"]

1.e4 c5 2.c3 d5 3.exd5 Qxd5 4.d4 e6 5.Nf3 Nf6 6.Na3 cxd4 7.Nb5 Qd8 8.Nbxd4 a6
9.Bf4 Nd5 10.Bg3 Bd6 11.Qa4+ Bd7 12.Qb3 Bxg3 13.hxg3 Qc7 14.Qa3 Nc6 15.O-O-O Nxd4
16.Rxd4 Bc6 17.c4 Ne7 18.Qc3 f6 19.Qc2 h6 20.Rg4 Kf7 21.Bd3 g5 22.Qc3 e5
23.c5 Rac8 24.b4 Kg7 25.Re1 Bd7 26.Nxe5 Nd5 27.Qd4 Bxg4 28.Nxg4 Rcd8 29.Bc4 h5
30.Bxd5 hxg4 31.Re6 Qf7 32.Qe3 Rxd5 33.Re7 Rd7 34.Rxf7+ Kxf7 35.Qb3+ Kg6
36.Qe3 Kf5 37.Kc2 Rhh7 38.f3 gxf3 39.Qxf3+ Kg6 40.Qe4+ Kh6 41.Qf5 Rhf7 42.Kb3 Kg7
43.Ka4 Rd2 44.a3 Rxg2 45.g4 Rg3 46.Qe6 Rc3 47.Qe1 Rd3 48.Qe4 Rfd7 49.Qe8 Rc7
50.Qe6 Rf7 51.Qe4  1/2-1/2

[Event "San Sebastian op"]
[Site "San Sebastian"]
[Date "1994.??.??"]
[Round "9"]
[White "Andersson, Ulf"]
[Black "Kurajica, Bojan"]
[Result "1/2-1/2"]
[WhiteElo "2620"]
[BlackElo "2565"]

1.d4 Nf6 2.Nf3 e6 3.g3 b6 4.Bg2 Bb7 5.O-O c5 6.c4 cxd4 7.Qxd4 Nc6 8.Qf4 Ne7
9.b3 Ng6 10.Qd2 d5 11.cxd5 Qxd5 12.Bb2 Rc8 13.Rd1 Bb4 14.Qxd5 Bxd5 15.Ne1 Bxg2
16.Kxg2 Be7 17.Nc3 O-O 18.Rac1 Rfd8 19.Nd3 Nd7 20.Nb5 a6 21.Na3 Rxc1 22.Rxc1 Nc5
23.Nxc5 Bxc5 24.Nc4 Ne7 25.a3 b5 26.Ne5 Rc8 27.Kf3 f6 28.Nd3 Bd6 29.Rxc8+ Nxc8
30.e4 e5 31.Kg4 Na7 32.f4 Nc6 33.fxe5 fxe5 34.Kf5 Kf7 35.h4 Ne7+ 36.Kg4 Ke6
37.Kf3 Nc6 38.b4 a5 39.Bc3 axb4 40.axb4 h5 41.g4 g6 42.g5  1/2-1/2

[Event "SWE-chT 9394"]
[Site "SWE"]
[Date "1994.??.??"]
[Round "7"]
[White "Ingbrandt, Johan"]
[Black "Andersson, Ulf"]
[Result "1/2-1/2"]
[WhiteElo "2345"]
[BlackElo "2625"]

1.d4 Nf6 2.Nf3 e6 3.g3 b5 4.Bg2 Bb7 5.O-O c5 6.Na3 a6 7.c4 b4 8.Nc2 cxd4
9.Nfxd4 Bxg2 10.Kxg2 Qc7 11.Qd3 Nc6 12.Qf3 Be7 13.Bf4 Qb7 14.Nxc6  1/2-1/2

[Event "Ter Apel"]
[Site "Ter Apel"]
[Date "1994.??.??"]
[Round "3"]
[White "Van der Sterren, Paul"]
[Black "Andersson, Ulf"]
[Result "1/2-1/2"]
[WhiteElo "2605"]
[BlackElo "2620"]

1.d4 Nf6 2.c4 e6 3.Nf3 Bb4+ 4.Bd2 Bxd2+ 5.Qxd2 O-O 6.g3 d5 7.Bg2 Nbd7 8.O-O c6
9.Rc1 Re8 10.Qd3 Qe7 11.Nbd2 e5 12.dxe5 Nxe5 13.Nxe5 Qxe5 14.cxd5 cxd5 15.e3 Qxb2
16.Nb3 Bd7 17.Nd4 Ne4 18.Qf1 b6 19.Rc7 Red8 20.a4 Qb4 21.Qa6 Nc5 22.Qe2 Ne6
23.Nxe6 fxe6 24.Qa6 Bc8 25.Qb5 Qd6 26.Rac1 a6 27.Qc6 Qxc6 28.R1xc6 b5 29.axb5 axb5
30.Bh3 Kh8 31.Bxe6 Bxe6 32.Rxe6 d4 33.exd4 Rxd4 34.Ree7 Rg8 35.Rb7 Rd5 36.Kg2 h6
37.h4 Kh7 38.f4 h5 39.Kf3 Rd3+ 40.Kf2 Rd5 41.Ke3 Rc5 42.Re5 Rgc8 43.Rxb5 Rxb5
44.Rxb5 Rc3+ 45.Kf2  1/2-1/2

[Event "Ter Apel"]
[Site "Ter Apel"]
[Date "1994.??.??"]
[Round "5"]
[White "Andersson, Ulf"]
[Black "Dautov, Rustem"]
[Result "1/2-1/2"]
[WhiteElo "2620"]
[BlackElo "2625"]

1.c4 e5 2.Nc3 Nc6 3.g3 g6 4.Bg2 Bg7 5.d3 d6 6.Rb1 a5 7.Nf3 Nf6 8.O-O O-O
9.a3 Nd4 10.Be3 Ng4 11.Bd2 f5 12.b4 axb4 13.axb4 c6 14.b5 Bd7 15.Nxd4 exd4
16.Na4 Be8 17.bxc6 bxc6 18.c5 d5 19.Nb6 Ra2 20.Bf4 Bf7 21.Ra1 Rxa1 22.Qxa1 Re8
23.Qa4 Re6 24.Ra1 Be8 25.Qb3 Rxe2 26.Bf3 Rxf2 27.Bxg4 Rxf4 28.gxf4 fxg4 29.Qd1 Bf8
30.Qe2 Qe7 31.Qxe7 Bxe7 32.Ra5  1/2-1/2

[Event "Benasque"]
[Site "Benasque"]
[Date "1995.??.??"]
[Round "1"]
[White "Andersson, Ulf"]
[Black "Izeta Txabarri, Felix"]
[Result "1-0"]
[WhiteElo "2630"]
[BlackElo "2495"]

1.Nf3 Nf6 2.c4 g6 3.g3 Bg7 4.Bg2 O-O 5.O-O c6 6.d4 d6 7.Nc3 Qa5 8.Qd2 a6
9.b3 b5 10.Nd5 Qd8 11.Nxf6+ Bxf6 12.Bb2 Nd7 13.Rac1 Bb7 14.Rfd1 a5 15.e4 Bg7
16.e5 Nb6 17.e6 f6 18.cxb5 cxb5 19.Nh4 Bxg2 20.Nxg2 Nd5 21.Qe2 Qb6 22.Qf3 Nc7
23.d5 Qb7 24.Rc6 Ra6 25.h4 Rxc6 26.dxc6 Qc8 27.Nf4 Bh6 28.Nd5 Nxd5 29.Qxd5 Qa6
30.Bc1 Bxc1 31.Rxc1 Rc8 32.g4 b4 33.Rc4 a4 34.Kg2 axb3 35.axb3 Rc7 36.g5 Qa1
37.Rxb4 Qc3 38.Rb8+ Kg7 39.Rb7 Rxb7 40.cxb7 Qb4 41.Kf1 h6 42.gxf6+ Kxf6 43.Ke2 g5
44.hxg5+ hxg5 45.Kd3  1-0

[Event "Benasque"]
[Site "Benasque"]
[Date "1995.??.??"]
[Round "4"]
[White "Giorgadze, Giorgi"]
[Black "Andersson, Ulf"]
[Result "1/2-1/2"]
[WhiteElo "2605"]
[BlackElo "2630"]

1.d4 Nf6 2.c4 e6 3.Nc3 Bb4 4.e3 c5 5.Ne2 d5 6.a3 Bxc3+ 7.Nxc3 cxd4 8.exd4 dxc4
9.Bxc4 Nc6 10.Be3 O-O 11.O-O b6 12.Qf3 Bb7 13.Bd3 Rc8 14.Rad1 Rc7 15.Qh3 Ne7
16.Bf4 Rd7 17.Be5 Ng6 18.Bb5  1/2-1/2

[Event "Benasque"]
[Site "Benasque"]
[Date "1995.??.??"]
[Round "6"]
[White "Martin Gonzalez, Angel"]
[Black "Andersson, Ulf"]
[Result "1/2-1/2"]
[WhiteElo "2420"]
[BlackElo "2630"]

1.e4 e6 2.d4 d5 3.Nc3 Nf6 4.Bg5 dxe4 5.Nxe4 Be7 6.Bxf6 gxf6 7.Nf3 b6 8.Bd3 Bb7
9.Qe2 c6 10.O-O-O Qc7 11.Kb1 Nd7 12.Rhe1 O-O-O 13.Ba6 Bxa6 14.Qxa6+ Kb8 15.Qe2 Rhe8
16.Qe3 f5 17.Neg5 Bxg5 18.Nxg5 Re7 19.d5 cxd5 20.Rxd5 Ree8 21.Rd2 Nf6 22.Red1  1/2-1/2

[Event "Benasque"]
[Site "Benasque"]
[Date "1995.??.??"]
[Round "7"]
[White "Andersson, Ulf"]
[Black "Lalic, Bogdan"]
[Result "1/2-1/2"]
[WhiteElo "2630"]
[BlackElo "2590"]

1.d4 Nf6 2.Nf3 g6 3.g3 Bg7 4.Bg2 d5 5.c4 dxc4 6.Qa4+ c6 7.Qxc4 O-O 8.O-O Bf5
9.Nc3 Nbd7 10.e3 Qc7 11.h3 e5 12.dxe5 Nxe5 13.Nxe5 Qxe5 14.e4 Be6 15.Qe2 Rfe8
16.Be3 Qa5 17.Rfd1 Nd7 18.Bd4 Bxd4 19.Rxd4 b5 20.a3 Qb6 21.Rad1 Ne5 22.f4 Bb3
23.fxe5 Bxd1 24.Qxd1 Rad8 25.Ne2 Rxd4 26.Qxd4 Rd8 27.Qxb6  1/2-1/2

[Event "Benasque"]
[Site "Benasque"]
[Date "1995.??.??"]
[Round "8"]
[White "Andersson, Ulf"]
[Black "Garcia Ilundain, David"]
[Result "1/2-1/2"]
[WhiteElo "2630"]
[BlackElo "2510"]

1.Nf3 Nf6 2.c4 e6 3.g3 b6 4.Bg2 Bb7 5.O-O Be7 6.d4 O-O 7.Nc3 Ne4 8.Nxe4 Bxe4
9.Ne1 Bxg2 10.Nxg2 d5 11.Qa4 Qe8 12.Qxe8 Rxe8 13.cxd5 exd5 14.Rd1 Nd7 15.Kf1 Rad8
16.Bf4  1/2-1/2

[Event "FRA-chT"]
[Site "FRA"]
[Date "1995.??.??"]
[Round "?"]
[White "Andersson, Ulf"]
[Black "Etchegaray, Patrice"]
[Result "1-0"]
[WhiteElo "2630"]
[BlackElo "2335"]

1.Nf3 Nf6 2.d4 g6 3.g3 Bg7 4.Bg2 O-O 5.O-O d5 6.c4 dxc4 7.Na3 c3 8.bxc3 c5
9.Bb2 Nc6 10.e3 Bf5 11.Qe2 Qa5 12.Rfc1 Rfd8 13.Nd2 cxd4 14.cxd4 Bg4 15.f3 Bc8
16.Nb3 Qh5 17.Rc5 Rd5 18.Rac1 Rxc5 19.Rxc5 e5 20.d5 Ne7 21.e4 Ne8 22.Nb5 b6
23.Rc2 Ba6 24.a4 Nc8 25.Bf1 Qg5 26.Qd2 Qxd2 27.Nxd2 f6 28.Ba3 Bf8 29.Bxf8 Kxf8
30.Nc7 Nxc7 31.Rxc7 Bxf1 32.Kxf1 Nd6 33.Ke2 h5 34.Rd7 Nf7 35.Nc4 Rc8 36.Rxf7+  1-0